|
|
|
|
| LEADER |
00875nab a2200229 i 4500 |
| 001 |
misc65876 |
| 005 |
20221019141358.0 |
| 008 |
220505s1942 hu o 0|| ger d |
| 040 |
|
|
|a SZTE Miscellanea Repozitórium
|b hun
|
| 041 |
|
|
|a ger
|
| 100 |
1 |
|
|a Kannisto Artturi
|
| 245 |
1 |
0 |
|a Ein Jahr der Erinnerungen
|h [elektronikus dokumentum] :
|b Eröffnungsvortrag in der Jahresversammlung der Finnisch-ugrischen Gesellschaft am 20. April 1940 /
|c Kannisto Artturi
|
| 260 |
|
|
|c 1942
|
| 300 |
|
|
|a 14-26
|c 25 cm
|
| 300 |
|
|
|a [13] p.
|c 25 cm
|
| 490 |
0 |
|
|a Suomalais-Ugrilaisen Seuran Aikakauskirja : Journal de la Société Finno-Ougrienne
|
| 561 |
|
|
|a Németh Gyula hagyaték
|
| 591 |
|
|
|a NOU 2638
|
| 650 |
|
4 |
|a Bölcsészettudományok
|
| 650 |
|
4 |
|a Nyelvek és irodalom
|
| 695 |
|
|
|a Keletkutatás
|
| 856 |
4 |
0 |
|u http://misc.bibl.u-szeged.hu/65876/1/2638_nou_k14.pdf
|z Dokumentum-elérés
|